Consumer protection law : (Record no. 120594)
[ view plain ]
| 000 -LEADER | |
|---|---|
| fixed length control field | 00450cam a2200157 4500 |
| 008 - FIXED-LENGTH DATA ELEMENTS--GENERAL INFORMATION | |
| fixed length control field | 140310n 000 0 eng u |
| 020 ## - INTERNATIONAL STANDARD BOOK NUMBER | |
| International Standard Book Number | 0314231684 |
| 035 ## - SYSTEM CONTROL NUMBER | |
| System control number | (Sirsi) a182825 |
| 050 ## - LIBRARY OF CONGRESS CALL NUMBER | |
| Classification number | KF 1610 MAR 1999 |
| 100 ## - MAIN ENTRY--PERSONAL NAME | |
| Personal name | Marsh, Gene A. |
| 245 ## - TITLE STATEMENT | |
| Title | Consumer protection law : |
| Remainder of title | in a nut shell/ |
| Statement of responsibility, etc. | Gene A. Marsh |
| 250 ## - EDITION STATEMENT | |
| Edition statement | 3rd ed. |
| 260 ## - PUBLICATION, DISTRIBUTION, ETC. | |
| Place of publication, distribution, etc. | St. Paul, Minn. : bWest Group, |
| Date of publication, distribution, etc. | 1999. |
| 300 ## - PHYSICAL DESCRIPTION | |
| Extent | xxvii, 445 p. |
| 504 ## - BIBLIOGRAPHY, ETC. NOTE | |
| Bibliography, etc. note | Includes index. |
No items available.